[Event "Oberliga Nord O 1920"]
[Site "Germany"]
[Date "2020.01.19"]
[Round "5.7"]
[White "Lehmann, Klaus"]
[Black "Prange, Stefan"]
[Result "1/2-1/2"]
[WhiteElo "2242"]
[BlackElo "2173"]
[PlyCount "98"]
[EventDate "2019.09.29"]
[EventType "team-tourn"]
[EventRounds "9"]
[EventCountry "GER"]
[SourceTitle "CBM 195 Extra"]
[Source "ChessBase"]
[SourceDate "2020.05.31"]
[SourceVersion "1"]
[SourceVersionDate "2020.05.31"]
[SourceQuality "1"]

1. Nf3 Nf6 2. b3 d5 3. Bb2 Bf5 4. e3 e6 5. c4 Be7 6. Be2 0-0 7. 0-0 c5 8. Nh4 Bg6 9. Nxg6 hxg6 10. Bf3 Nc6 11. Nc3 Rc8 12. cxd5 exd5 13. Ne2 Qd6 14. d3 Ne5 15. Bxe5 Qxe5 16. d4 cxd4 17. Qxd4 Qxd4 18. Nxd4 a6 19. Rfd1 Rc7 20. Rd3 Rfc8 21. Ne2 Rc2 22. a4 Rb2 23. Nf4 Rcc2 24. Nxd5 Nxd5 25. Bxd5 Rxf2 26. Bxb7 Bg5 27. Rf1 Rfe2 28. Bd5 Bxe3+ 29. Kh1 Rf2 30. Rdd1 a5 31. Rxf2 Rxf2 32. g3 Kh7 33. Re1 Bc5 34. Rc1 Bb4 35. Rc8 g5 36. Kg1 Rf6 37. Kg2 g6 38. h4 gxh4 39. gxh4 Rf5 40. Bf3 Kg7 41. Re8 Bc3 42. Re4 Bb4 43. Rd4 Bc3 44. Rd5 Rxd5 45. Bxd5 f6 46. Kh3 Kh6 47. Bf3 Bb4 48. Be2 Bc3 49. Bf3 Bb4 1/2-1/2

[Event "Oberliga Nord O 1920"]
[Site "Germany"]
[Date "2019.10.20"]
[Round "2.6"]
[White "Rettig, Maik"]
[Black "Prange, Stefan"]
[Result "1/2-1/2"]
[WhiteElo "2018"]
[BlackElo "2180"]
[PlyCount "110"]
[EventDate "2019.09.29"]
[EventType "team-tourn"]
[EventRounds "9"]
[EventCountry "GER"]
[SourceTitle "CBM 195 Extra"]
[Source "ChessBase"]
[SourceDate "2020.05.31"]
[SourceVersion "1"]
[SourceVersionDate "2020.05.31"]
[SourceQuality "1"]

1. d4 Nf6 2. Nf3 c5 3. c3 e6 4. Bg5 d5 5. e3 Be7 6. Nbd2 Nbd7 7. Bd3 0-0 8. Rc1 b6 9. 0-0 Bb7 10. Ne5 Nxe5 11. dxe5 Nd7 12. Bxe7 Qxe7 13. f4 f5 14. Nf3 Rfd8 15. Qe2 Bc6 16. h3 Nf8 17. g4 g6 18. Rf2 Kh8 19. Rd1 a5 20. Rh2 Qb7 21. Kf2 Rd7 22. Bb5 Rad8 23. g5 Kg8 24. h4 Re7 25. a4 Qd7 26. Bxc6 Qxc6 27. b3 Qe8 28. Rd2 Rc7 29. c4 Rcd7 30. Ke1 dxc4 31. Qxc4 Rxd2 32. Rxd2 Rxd2 33. Kxd2 Qc6 34. Ke2 Kf7 35. e4 Nd7 36. Ke3 Ke7 37. Nd2 Nb8 38. Qd3 Qd7 39. Qxd7+ Nxd7 40. Kd3 Nb8 41. Nc4 fxe4+ 42. Kxe4 Nd7 43. Kd3 Kd8 44. Nd6 Kc7 45. Kc4 Kc6 46. Ne8 Nf8 47. Nf6 Kc7 48. Kb5 Kb7 49. Ne8 Nd7 50. Ng7 Nf8 51. Ne8 Nd7 52. Nf6 Nf8 53. Ne4 Nd7 54. Ng3 Nf8 55. Ne4 Nd7 1/2-1/2

[Event "NRW Class1 0910"]
[Site "Germany"]
[Date "2010.01.31"]
[Round "6.2"]
[White "Malykin, Vitaly"]
[Black "Prange, Stefan"]
[Result "1-0"]
[WhiteElo "2380"]
[BlackElo "2185"]
[PlyCount "65"]
[EventDate "2009.09.20"]
[EventType "team-tourn"]
[EventRounds "9"]
[EventCountry "GER"]
[SourceTitle "EXT 2011"]
[Source "ChessBase"]
[SourceDate "2010.11.26"]
[SourceVersion "1"]
[SourceVersionDate "2010.11.26"]
[SourceQuality "1"]
[WhiteTeam "Porz SG II"]
[BlackTeam "Elberfeld"]
[WhiteTeamCountry "GER"]
[BlackTeamCountry "GER"]

1. Nf3 Nf6 2. c4 e6 3. e3 d5 4. d4 Be7 5. Nc3 0-0 6. a3 b6 7. cxd5 exd5 8. Bd3 c5 9. Ne5 Bb7 10. Qf3 Nc6 11. Qh3 g6 12. 0-0 cxd4 13. Nxc6 Bxc6 14. exd4 Ne4 15. Bh6 Re8 16. Bxe4 dxe4 17. d5 Bd7 18. Qg3 Bh4 19. Qe3 f5 20. Rad1 Bf6 21. d6 Be6 22. Nb5 Bc4 23. Nc7 Bxf1 24. Qb3+ Kh8 25. Nxe8 Qxe8 26. Kxf1 Rd8 27. Qd5 Qg8 28. Qb5 Qe6 29. d7 Kg8 30. Bf4 Rf8 31. Rd6 Qf7 32. Rxf6 Qxf6 33. Qd5+ 1-0

[Event "NRW Class1 0910"]
[Site "Germany"]
[Date "2009.10.25"]
[Round "2.2"]
[White "Prange, Stefan"]
[Black "Van Gool, Henk"]
[Result "0-1"]
[WhiteElo "2185"]
[BlackElo "2164"]
[PlyCount "76"]
[EventDate "2009.09.20"]
[EventType "team-tourn"]
[EventRounds "9"]
[EventCountry "GER"]
[SourceTitle "EXT 2011"]
[Source "ChessBase"]
[SourceDate "2010.11.26"]
[SourceVersion "1"]
[SourceVersionDate "2010.11.26"]
[SourceQuality "1"]
[WhiteTeam "Elberfeld"]
[BlackTeam "Krefeld Turm"]
[WhiteTeamCountry "GER"]
[BlackTeamCountry "GER"]

1. d4 Nf6 2. Nf3 e6 3. c4 d5 4. Nc3 Nbd7 5. Bg5 Be7 6. cxd5 exd5 7. e3 c6 8. Bd3 0-0 9. Qc2 Re8 10. 0-0 Nf8 11. h3 Be6 12. Rab1 a5 13. a3 Rc8 14. b4 axb4 15. axb4 N6d7 16. Bxe7 Qxe7 17. Rfe1 Qf6 18. e4 Qh6 19. Qd2 Qxd2 20. Nxd2 Ng6 21. Bf1 dxe4 22. Ncxe4 Red8 23. Red1 Nb6 24. Nb3 Bf5 25. f3 Nd5 26. Rd2 b6 27. b5 cxb5 28. Re1 b4 29. g4 Be6 30. Ng5 Ngf4 31. Nc1 h6 32. Nxe6 Nxe6 33. Bd3 Ndf4 34. Bf5 Rc3 35. Kf2 Nxh3+ 36. Kg3 Nhg5 37. Rf1 Nxd4 38. Na2 Nxf5+ 0-1

[Event "NRW Class2 0506"]
[Site "Germany"]
[Date "2006.01.08"]
[Round "5.3"]
[White "Afek, Yochanan"]
[Black "Prange, Stefan"]
[Result "1-0"]
[WhiteElo "2389"]
[BlackElo "2196"]
[PlyCount "89"]
[EventDate "2005.09.25"]
[EventType "team"]
[EventRounds "9"]
[EventCountry "GER"]
[SourceTitle "EXT 2006"]
[Source "ChessBase"]
[SourceDate "2005.11.24"]
[SourceVersion "1"]
[SourceVersionDate "2005.11.24"]
[SourceQuality "1"]
[WhiteTeam "Betzdorf Kirchen"]
[BlackTeam "Elberfeld"]
[WhiteTeamCountry "GER"]
[BlackTeamCountry "GER"]

1. e4 c5 2. Nf3 e6 3. c3 d5 4. exd5 Qxd5 5. d4 Nf6 6. Be2 Nc6 7. 0-0 Be7 8. c4 Qd8 9. dxc5 Qxd1 10. Rxd1 Bxc5 11. Nc3 Bd7 12. a3 a5 13. b3 h6 14. Bb2 Ke7 15. Na4 Ba7 16. b4 Nd4 17. Bxd4 Bxa4 18. Bxa7 Rxa7 19. Rd4 Bc2 20. Rc1 Be4 21. b5 Rd8 22. Rxd8 Kxd8 23. Ne5 Ke8 24. f3 Bf5 25. Rd1 Ra8 26. Rd6 Rc8 27. Kf2 Rc5 28. g4 Bh7 29. Rb6 Rxe5 30. Rxb7 Bc2 31. Ra7 a4 32. b6 Nd7 33. Ra8+ Ke7 34. b7 Rc5 35. Rc8 Kd6 36. Rd8 Kc7 37. Rxd7+ Kb8 38. Rxf7 Rc7 39. Rxc7 Kxc7 40. Ke3 Kxb7 41. Kd4 Kc6 42. f4 Bb3 43. h4 Kd6 44. c5+ Kd7 45. Bb5+ 1-0

[Event "Vlissingen HZ op 09th"]
[Site "Vlissingen"]
[Date "2005.08.13"]
[Round "8"]
[White "Kern, Guido"]
[Black "Prange, Stefan"]
[Result "1-0"]
[WhiteElo "2343"]
[BlackElo "2196"]
[PlyCount "80"]
[EventDate "2005.08.06"]
[EventType "swiss"]
[EventRounds "9"]
[EventCountry "NED"]
[SourceTitle "CBM 107 Extra"]
[Source "ChessBase"]
[SourceDate "2005.09.01"]
[SourceVersion "1"]
[SourceVersionDate "2005.09.01"]
[SourceQuality "1"]

1. c4 Nf6 2. Nc3 c5 3. g3 g6 4. Bg2 Bg7 5. e3 0-0 6. Nge2 d6 7. d4 Nc6 8. b3 Bd7 9. Bb2 a6 10. 0-0 Rb8 11. Qd2 Qc8 12. dxc5 dxc5 13. Nd5 Nxd5 14. cxd5 Nd8 15. Bxg7 Kxg7 16. Rac1 Bb5 17. Rfe1 Bxe2 18. Rxe2 b6 19. e4 f6 20. e5 Nf7 21. f4 Qc7 22. d6 Qd8 23. exf6+ exf6 24. Re7 Kh8 25. Rd1 b5 26. Qd5 Nh6 27. Bh3 Ng8 28. Rd7 Qb6 29. Kh1 c4 30. bxc4 bxc4 31. Qxc4 Qb5 32. Qxb5 axb5 33. f5 g5 34. Rc1 Rfd8 35. Rcc7 Rxd7 36. Rxd7 Rb6 37. Bg2 Nh6 38. Rd8+ Kg7 39. Bd5 Nf7 40. Rd7 Rxd6 1-0

[Event "Vlissingen HZ op 09th"]
[Site "Vlissingen"]
[Date "2005.08.09"]
[Round "4"]
[White "Prange, Stefan"]
[Black "Afek, Yochanan"]
[Result "0-1"]
[WhiteElo "2196"]
[BlackElo "2389"]
[PlyCount "76"]
[EventDate "2005.08.06"]
[EventType "swiss"]
[EventRounds "9"]
[EventCountry "NED"]
[SourceTitle "CBM 107 Extra"]
[Source "ChessBase"]
[SourceDate "2005.09.01"]
[SourceVersion "1"]
[SourceVersionDate "2005.09.01"]
[SourceQuality "1"]

1. d4 d5 2. Nf3 c5 3. dxc5 e6 4. e4 Bxc5 5. exd5 exd5 6. Be2 Ne7 7. 0-0 0-0 8. Nbd2 Nbc6 9. Nb3 Bb6 10. c3 Nf5 11. Bf4 a5 12. Bb5 a4 13. Nc1 a3 14. b4 d4 15. Bxc6 bxc6 16. c4 c5 17. b5 f6 18. Nd3 Nd6 19. Qb3 Be6 20. Rac1 Bf7 21. Rc2 Re8 22. Bc1 Ra5 23. Nxd4 cxd4 24. Qb4 Bg6 25. Rd2 Bxd3 26. Rxd3 Nb7 27. Bd2 Ra8 28. Rxa3 Rxa3 29. Qxa3 d3 30. Rd1 Re2 31. Be3 Bxe3 32. fxe3 Rxe3 33. Kf2 Qd4 34. Kf1 Nd6 35. c5 d2 36. Qa8+ Ne8 37. g3 Qd3+ 38. Kg2 Qe2+ 0-1

[Event "NRW Class1 0405"]
[Site "Germany"]
[Date "2005.01.09"]
[Round "5.4"]
[White "Prange, Stefan"]
[Black "Afek, Yochanan"]
[Result "0-1"]
[WhiteElo "2174"]
[BlackElo "2322"]
[PlyCount "116"]
[EventDate "2004.10.10"]
[EventType "team"]
[EventRounds "9"]
[EventCountry "GER"]
[SourceTitle "EXT 2006"]
[Source "ChessBase"]
[SourceDate "2005.11.24"]
[SourceVersion "1"]
[SourceVersionDate "2005.11.24"]
[SourceQuality "1"]
[WhiteTeam "Elberfeld"]
[BlackTeam "Betzdorf Kirchen"]
[WhiteTeamCountry "GER"]
[BlackTeamCountry "GER"]

1. d4 d5 2. c4 dxc4 3. Nf3 c5 4. Nc3 Nf6 5. e4 cxd4 6. Qxd4 Qxd4 7. Nxd4 e5 8. Ndb5 Kd8 9. Be3 Be6 10. Bxa7 Nbd7 11. Be2 b6 12. a4 Bb4 13. 0-0 Kc8 14. a5 Bxa5 15. Nd6+ Kc7 16. Ncb5+ Kc6 17. Bxc4 Nxe4 18. Bxe6 Nxd6 19. Bxd7+ Kxd7 20. Rfd1 Bb4 21. Rac1 Rhc8 22. Rxc8 Kxc8 23. Nxd6+ Bxd6 24. Bxb6 Kb7 25. g3 Kc6 26. Be3 Rb8 27. Rd2 Rb3 28. Kg2 f5 29. Rc2+ Kd5 30. Bc1 Bc5 31. Rd2+ Bd4 32. Rc2 h6 33. h4 Rb7 34. Kf3 h5 35. Ke2 Rb3 36. Rc7 Ke4 37. Rxg7 Rf3 38. Be3 Bxe3 39. fxe3 Rxe3+ 40. Kd2 Rd3+ 41. Kc2 Rd8 42. Rg5 f4 43. gxf4 exf4 44. Rxh5 f3 45. Ra5 f2 46. Ra1 Rf8 47. Rf1 Ke3 48. b4 Ke2 49. Rxf2+ Rxf2 50. Kc3 Ke3 51. Kc4 Ke4 52. Kc5 Ke5 53. h5 Rc2+ 54. Kb6 Kd6 55. b5 Rh2 56. Kb7 Rxh5 57. b6 Rb5 58. Kc8 Rxb6 0-1

[Event "Vlissingen HZ op 08th"]
[Site "Vlissingen"]
[Date "2004.08.11"]
[Round "6"]
[White "Prange, Stefan"]
[Black "Kniest, Oliver"]
[Result "0-1"]
[WhiteElo "2178"]
[BlackElo "2324"]
[PlyCount "64"]
[EventDate "2004.08.07"]
[EventType "swiss"]
[EventRounds "9"]
[EventCountry "NED"]
[SourceTitle "CBM 101 Extra"]
[Source "ChessBase"]
[SourceDate "2004.09.01"]
[SourceVersion "2"]
[SourceVersionDate "2004.09.01"]
[SourceQuality "1"]

1. d4 e6 2. Nf3 c5 3. c4 cxd4 4. Nxd4 Nf6 5. Nc3 a6 6. e4 Qc7 7. Be2 b6 8. Be3 Bb7 9. f3 Be7 10. Qd2 d6 11. Rc1 0-0 12. 0-0 Nbd7 13. Rfd1 Rac8 14. Bf1 Qb8 15. Qf2 Bd8 16. g4 Ne5 17. g5 Nfd7 18. b3 Bc7 19. Bh3 Nc5 20. b4 Ncd3 21. Qe2 Nxc1 22. Bxc1 b5 23. f4 Bb6 24. c5 dxc5 25. Nxe6 cxb4+ 26. Kf1 Rxc3 27. Nxg7 Rxh3 28. Nf5 Rd8 29. Kg2 Rhd3 30. fxe5 Qxe5 31. Nh6+ Kf8 32. Re1 R8d4 0-1

[Event "Oberliga NRW 0304"]
[Site "Germany"]
[Date "2004.03.28"]
[Round "8.5"]
[White "Heisel, Guido"]
[Black "Prange, Stefan"]
[Result "0-1"]
[WhiteElo "2277"]
[BlackElo "2168"]
[PlyCount "138"]
[EventDate "2003.09.28"]
[EventType "team-tourn"]
[EventRounds "9"]
[EventCountry "GER"]
[SourceTitle "CBM 098 Extra"]
[Source "ChessBase"]
[SourceDate "2004.03.10"]
[SourceVersion "2"]
[SourceVersionDate "2004.03.10"]
[SourceQuality "1"]
[WhiteTeam "Duisburg"]
[BlackTeam "Elberfeld"]
[WhiteTeamCountry "GER"]
[BlackTeamCountry "GER"]

1. d4 Nf6 2. Bg5 e6 3. e4 h6 4. Bxf6 Qxf6 5. Nc3 d6 6. Qd2 g5 7. Bc4 Bg7 8. Nge2 Nc6 9. Rd1 Bd7 10. 0-0 0-0-0 11. f4 Qe7 12. Nb5 a6 13. Na3 gxf4 14. Qxf4 Rdf8 15. c3 h5 16. Qf2 Kb8 17. b4 f5 18. e5 dxe5 19. d5 Na7 20. Nc2 h4 21. h3 Bh6 22. Kh1 Ba4 23. Bb3 Bxb3 24. axb3 Nb5 25. c4 Nd6 26. b5 Ne4 27. Qg1 axb5 28. Ra1 b6 29. cxb5 exd5 30. Ra4 Qc5 31. Rfa1 Qxg1+ 32. Kxg1 Kc8 33. Nb4 Be3+ 34. Kh2 d4 35. Nc6 Re8 36. Rd1 Kd7 37. Nb4 Ke6 38. Nc2 Bg5 39. Rc4 Bd8 40. Ncxd4+ exd4 41. Nxd4+ Kf6 42. Rf1 Nd6 43. Rc2 Re5 44. Rcf2 Kg6 45. Rf3 Rd5 46. Ne6 Rxb5 47. g4 hxg3+ 48. Rxg3+ Kf6 49. Nf4 Rc5 50. Rg2 Kf7 51. Ng6 Rh7 52. b4 Rc3 53. Ne5+ Ke6 54. Nf3 Bf6 55. Rg6 Rc2+ 56. Kg1 Kf7 57. Rg2 Rc4 58. b5 Rxh3 59. Re2 Rg4+ 60. Rg2 Rhg3 61. Rxg3 Rxg3+ 62. Kh2 Rg4 63. Rc1 Rc4 64. Rb1 Rc5 65. Kg3 Rxb5 66. Rc1 Rc5 67. Rb1 b5 68. Kf4 Rc4+ 69. Ke3 b4 0-1

[Event "Oberliga NRW 0304"]
[Site "Germany"]
[Date "2004.02.29"]
[Round "7.3"]
[White "Prange, Stefan"]
[Black "Topolewski, Dirk"]
[Result "0-1"]
[WhiteElo "2168"]
[BlackElo "2287"]
[PlyCount "182"]
[EventDate "2003.09.28"]
[EventType "team-tourn"]
[EventRounds "9"]
[EventCountry "GER"]
[SourceTitle "CBM 098 Extra"]
[Source "ChessBase"]
[SourceDate "2004.03.10"]
[SourceVersion "2"]
[SourceVersionDate "2004.03.10"]
[SourceQuality "1"]
[WhiteTeam "Elberfeld"]
[BlackTeam "Castrop Rauxel"]
[WhiteTeamCountry "GER"]
[BlackTeamCountry "GER"]

1. d4 e6 2. g3 c5 3. Nf3 Nc6 4. Bg2 d5 5. 0-0 cxd4 6. Nxd4 Bc5 7. Nxc6 bxc6 8. c4 Nf6 9. Nc3 0-0 10. Na4 Bd6 11. Qc2 Ba6 12. c5 Be7 13. Rb1 Qc7 14. b4 Rab8 15. a3 Rfd8 16. Nb2 Nd7 17. Nd3 Bf6 18. Re1 Bxd3 19. Qxd3 a5 20. Qc2 axb4 21. axb4 Qb7 22. Bd2 Rbc8 23. e4 d4 24. f4 e5 25. Qc4 Rb8 26. Rec1 Qc7 27. Kh1 h6 28. Rb3 Be7 29. Ra1 Ra8 30. Rba3 Qb7 31. Bf1 Nf6 32. Bd3 Rxa3 33. Rxa3 Qd7 34. Kg2 exf4 35. Bxf4 g5 36. Bd2 Qg4 37. h3 Qd1 38. Qc1 Qh5 39. Qf1 Nd7 40. Qe2 Qg6 41. Ra7 Qf6 42. Rxd7 Rxd7 43. e5 Qe6 44. Bc4 Rd5 45. Qf3 Qxe5 46. b5 Bxc5 47. bxc6 Rd8 48. Qxf7+ Kh8 49. Bd3 Qe7 50. Qf5 Rf8 51. Qd5 Bb6 52. h4 Qf6 53. hxg5 Qf2+ 54. Kh3 Bc7 55. Qg2 hxg5 56. Qxf2 Rxf2 57. Bxg5 Rf3 58. Be2 Rxg3+ 59. Kh4 d3 60. Bd1 Rg1 61. Bb3 Kg7 62. Be3 Rg2 63. Bd4+ Kf8 64. Kh3 Rg3+ 65. Kh4 Rg6 66. Bc5+ Ke8 67. Be3 Rg2 68. Bd4 Kd8 69. Kh5 Kc8 70. Be6+ Kb8 71. Bb3 Bf4 72. Bd1 Kc7 73. Bf3 Rg3 74. Bd1 Kxc6 75. Kh4 Kd5 76. Bf2 Rg7 77. Bf3+ Kc4 78. Bb6 Kc3 79. Bd8 Rg3 80. Ba5+ Kd4 81. Bb6+ Kc3 82. Ba5+ Kc2 83. Be4 Rg7 84. Bd8 Be5 85. Bb6 Kd2 86. Bf3 Bc3 87. Bc5 Kc1 88. Be3+ d2 89. Bxd2+ Bxd2 90. Be4 Kb2 91. Bd5 Bc3 0-1

[Event "Oberliga NRW 0203 I"]
[Site "Germany"]
[Date "2003.05.04"]
[Round "9.4"]
[White "Prange, Stefan"]
[Black "Molinaroli, Martin"]
[Result "1/2-1/2"]
[WhiteElo "2173"]
[BlackElo "2219"]
[PlyCount "133"]
[EventDate "2002.10.06"]
[EventType "team"]
[EventRounds "9"]
[EventCountry "GER"]
[SourceTitle "EXT 2004"]
[Source "ChessBase"]
[SourceDate "2003.11.25"]
[SourceVersion "1"]
[SourceVersionDate "2003.11.25"]
[SourceQuality "1"]
[WhiteTeam "Elberfeld"]
[BlackTeam "Muenster"]
[WhiteTeamCountry "GER"]
[BlackTeamCountry "GER"]

1. d4 Nf6 2. Nf3 e6 3. g3 b6 4. Bg2 Bb7 5. 0-0 c5 6. c4 cxd4 7. Nxd4 Bxg2 8. Kxg2 d6 9. Nc3 Be7 10. e4 0-0 11. Be3 a6 12. Rc1 Qc7 13. b3 Qb7 14. f3 Nbd7 15. Qd2 Rac8 16. Qf2 Rfd8 17. Rfd1 Bf8 18. Rc2 Rc7 19. h3 Rdc8 20. Rdc1 Ne5 21. Qe2 Rd8 22. Kh2 Rcc8 23. Rf1 Ned7 24. Rfc1 Kh8 25. Bf2 Nc5 26. Rd1 Kg8 27. Rdc1 g6 28. b4 Ncd7 29. Be3 Ne5 30. Nd1 Bg7 31. Nf2 h6 32. Nd3 Nxd3 33. Qxd3 Nd7 34. Qd2 Kh7 35. Qf2 Ne5 36. Qe2 d5 37. exd5 exd5 38. c5 Nc4 39. Bf2 bxc5 40. bxc5 Re8 41. Qd3 Rxc5 42. Qb3 Qd7 43. Kg2 Nd2 44. Qd3 Rxc2 45. Nxc2 Nc4 46. Nb4 Qb5 47. Qxd5 Ne3+ 48. Bxe3 Qxb4 49. Bf2 Re2 50. Rf1 Qa3 51. Qxf7 Qxa2 52. Qd7 a5 53. h4 h5 54. g4 Qe6 55. Qd3 hxg4 56. h5 gxf3+ 57. Kxf3 Re5 58. Qxg6+ Qxg6 59. hxg6+ Kxg6 60. Rg1+ Rg5 61. Rxg5+ Kxg5 62. Ke4 a4 63. Bd4 Bxd4 64. Kxd4 a3 65. Kc3 a2 66. Kb2 a1Q+ 67. Kxa1 1/2-1/2

[Event "Oberliga NRW 0102 I"]
[Site "Germany"]
[Date "2001.12.09"]
[Round "4.3"]
[White "Prange, Stefan"]
[Black "Weyrauch, Erich"]
[Result "1/2-1/2"]
[WhiteElo "2193"]
[BlackElo "2160"]
[PlyCount "79"]
[EventDate "2001.10.??"]
[EventType "team"]
[EventRounds "9"]
[EventCountry "GER"]
[SourceTitle "EXT 2004"]
[Source "ChessBase"]
[SourceDate "2003.11.25"]
[SourceVersion "1"]
[SourceVersionDate "2003.11.25"]
[SourceQuality "1"]
[WhiteTeam "Elberfeld"]
[BlackTeam "Letmathe"]
[WhiteTeamCountry "GER"]
[BlackTeamCountry "GER"]

1. d4 d5 2. c4 c6 3. Nf3 Nf6 4. Nc3 Bf5 5. cxd5 cxd5 6. Bf4 e6 7. e3 Nc6 8. Bb5 Nd7 9. 0-0 Be7 10. Ne5 Ndxe5 11. Bxe5 0-0 12. Bxc6 bxc6 13. Na4 Rc8 14. Rc1 Qa5 15. a3 Qb5 16. Rc3 f6 17. Bg3 Rfe8 18. f3 Bf8 19. Rf2 e5 20. Nc5 exd4 21. exd4 h5 22. Qd2 Bxc5 23. Rxc5 Qb3 24. Re2 Qb7 25. Rc3 Rxe2 26. Qxe2 Qb6 27. Qd2 Re8 28. Re3 Rxe3 29. Qxe3 Kh7 30. b4 Qb5 31. Bd6 Qa4 32. h3 Bg6 33. Bc5 Qd1+ 34. Kh2 a6 35. Qf4 Qe2 36. Qc7 Qe8 37. a4 Bc2 38. a5 Bd3 39. Be7 f5 40. h4 1/2-1/2

[Event "Oberliga NRW 0001 playoff"]
[Site "NRW"]
[Date "2001.06.11"]
[Round "1.7"]
[White "Boehle, Lars"]
[Black "Prange, Stefan"]
[Result "1/2-1/2"]
[WhiteElo "2254"]
[BlackElo "2173"]
[PlyCount "42"]
[EventDate "2001.06.11"]
[EventType "team"]
[EventRounds "1"]
[EventCountry "GER"]
[SourceTitle "EXT 2006"]
[Source "ChessBase"]
[SourceDate "2005.11.24"]
[SourceVersion "1"]
[SourceVersionDate "2005.11.24"]
[SourceQuality "1"]
[WhiteTeam "Bochum II"]
[BlackTeam "Elberfeld"]
[WhiteTeamCountry "GER"]
[BlackTeamCountry "GER"]

1. d4 d5 2. c4 e6 3. Nc3 Nf6 4. Bg5 Be7 5. e3 h6 6. Bh4 0-0 7. Nf3 b6 8. Bd3 Bb7 9. 0-0 Nbd7 10. Qe2 c5 11. Rac1 Ne4 12. Bg3 cxd4 13. exd4 Nxg3 14. hxg3 dxc4 15. Bxc4 Nf6 16. Rfd1 a6 17. Ne5 b5 18. Bb3 Bb4 19. a3 Bxc3 20. Rxc3 Nd5 21. Rc5 Qg5 1/2-1/2

[Event "Oberliga NRW 0001 I"]
[Site "NRW"]
[Date "2001.02.04"]
[Round "6.6"]
[White "Besel, Waldemar"]
[Black "Prange, Stefan"]
[Result "0-1"]
[WhiteElo "2093"]
[BlackElo "2173"]
[PlyCount "82"]
[EventDate "2000.09.24"]
[EventType "team"]
[EventRounds "9"]
[EventCountry "GER"]
[SourceTitle "EXT 2006"]
[Source "ChessBase"]
[SourceDate "2005.11.24"]
[SourceVersion "1"]
[SourceVersionDate "2005.11.24"]
[SourceQuality "1"]
[WhiteTeam "Betzdorf Kirchen"]
[BlackTeam "Elberfeld"]
[WhiteTeamCountry "GER"]
[BlackTeamCountry "GER"]

1. e4 c5 2. Nc3 Nc6 3. g3 g6 4. Bg2 Bg7 5. d3 e6 6. Nge2 Nge7 7. Be3 d6 8. Qd2 Nd4 9. 0-0 Rb8 10. Nf4 0-0 11. Nd1 e5 12. Ne2 Bh3 13. f4 Bxg2 14. Kxg2 f5 15. fxe5 dxe5 16. Nf2 f4 17. Nxf4 exf4 18. Bxf4 Rc8 19. Ng4 h5 20. Nf2 Qd7 21. Nh3 Ne6 22. Bh6 Rxf1 23. Rxf1 Rf8 24. Bxg7 Rxf1 25. Qh6 Nxg7 26. Ng5 Rc1 27. Qh7+ Kf8 28. Qh8+ Ng8 29. Nh7+ Kf7 30. Ng5+ Kf6 31. Nh7+ Ke5 32. Qxg8 Rxc2+ 33. Kh1 Qxd3 34. Qxg7+ Kd6 35. Qxg6+ Kc7 36. Qf7+ Kb6 37. Qb3+ Qxb3 38. axb3 Rxb2 39. Nf6 Rxb3 40. g4 hxg4 41. Nxg4 a5 0-1

[Event "Oberliga NRW 0001 I"]
[Site "NRW"]
[Date "2001.01.14"]
[Round "5.7"]
[White "Grobbel, Rainer"]
[Black "Prange, Stefan"]
[Result "0-1"]
[WhiteElo "2062"]
[BlackElo "2173"]
[PlyCount "90"]
[EventDate "2000.09.24"]
[EventType "team"]
[EventRounds "9"]
[EventCountry "GER"]
[SourceTitle "EXT 2006"]
[Source "ChessBase"]
[SourceDate "2005.11.24"]
[SourceVersion "1"]
[SourceVersionDate "2005.11.24"]
[SourceQuality "1"]
[WhiteTeam "Lippstadt Turm"]
[BlackTeam "Elberfeld"]
[WhiteTeamCountry "GER"]
[BlackTeamCountry "GER"]

1. d4 d5 2. Nf3 Nf6 3. e3 c6 4. c4 e6 5. Nc3 Be7 6. Bd3 dxc4 7. Bxc4 b5 8. Bd3 Bb7 9. 0-0 0-0 10. Qe2 a6 11. a3 Nbd7 12. b4 a5 13. Rb1 axb4 14. axb4 Bd6 15. e4 e5 16. dxe5 Nxe5 17. Nxe5 Bxe5 18. Bd2 Ra3 19. Rfc1 Qd6 20. Rb2 Rd8 21. Bb1 Bxh2+ 22. Kh1 Be5 23. Be1 Nd5 24. Qh5 Rxc3 25. Bxc3 Nxc3 26. Rb3 g6 27. Qf3 Nxb1 28. Rbxb1 Qf6 29. Rd1 Rd4 30. Rxd4 Bxd4 31. Qxf6 Bxf6 32. Rd1 Kg7 33. Rd7 Bc8 34. Rc7 Be6 35. Rxc6 Bc4 36. g3 Be7 37. Kg2 Bxb4 38. f4 h5 39. Kf3 Be1 40. g4 hxg4+ 41. Kxg4 Be2+ 42. Kh3 b4 43. f5 gxf5 44. exf5 Bd3 45. Kg4 b3 0-1

[Event "Oberliga NRW 0001 I"]
[Site "NRW"]
[Date "2000.10.29"]
[Round "2.6"]
[White "Schlehoefer, Ralf"]
[Black "Prange, Stefan"]
[Result "0-1"]
[WhiteElo "2337"]
[BlackElo "2173"]
[PlyCount "78"]
[EventDate "2000.09.24"]
[EventType "team"]
[EventRounds "9"]
[EventCountry "GER"]
[SourceTitle "EXT 2006"]
[Source "ChessBase"]
[SourceDate "2005.11.24"]
[SourceVersion "1"]
[SourceVersionDate "2005.11.24"]
[SourceQuality "1"]
[WhiteTeam "Muelheim"]
[BlackTeam "Elberfeld"]
[WhiteTeamCountry "GER"]
[BlackTeamCountry "GER"]

1. d4 d5 2. c4 e6 3. Nc3 Nf6 4. Bg5 Be7 5. e3 h6 6. Bh4 0-0 7. Rc1 Nbd7 8. cxd5 exd5 9. Bd3 c6 10. Nge2 Re8 11. Bg3 Nf8 12. 0-0 Bd6 13. Bxd6 Qxd6 14. Ng3 Be6 15. Qd2 Qe7 16. Na4 Ne4 17. Bxe4 dxe4 18. Nxe4 Bxa2 19. Ng3 Be6 20. Nc5 Red8 21. Qc3 Rac8 22. b4 Nh7 23. e4 Rb8 24. f4 Bd7 25. e5 Be6 26. f5 Bd5 27. Rf4 b6 28. Nd3 Kh8 29. Rg4 a5 30. bxa5 bxa5 31. Qxa5 Ra8 32. Qe1 Ra4 33. Nc5 Ra2 34. Nh5 Rb8 35. Nf4 Qd8 36. h4 Rbb2 37. Qc3 h5 38. Ncd3 hxg4 39. Nxb2 Qxh4 0-1